اللعب عند الأطفال / (Record no. 85241)

MARC details
000 -LEADER
fixed length control field 00517nam a22001817a 4500
005 - DATE AND TIME OF LATEST TRANSACTION
control field 20251108172647.0
008 - FIXED-LENGTH DATA ELEMENTS--GENERAL INFORMATION
fixed length control field 250721s2002 xx 000 0 ara d
082 14 - DEWEY DECIMAL CLASSIFICATION NUMBER
Classification number 649.55/عنا
100 1# - MAIN ENTRY--PERSONAL NAME
Personal name العناني، حنان
Relator term مؤلف
245 10 - TITLE STATEMENT
Title اللعب عند الأطفال /
264 1# - PRODUCTION, PUBLICATION, DISTRIBUTION, MANUFACTURE, AND COPYRIGHT NOTICE
Place of production, publication, distribution, manufacture عمان :
Name of producer, publisher, distributor, manufacturer دار الفكر للنشر،
Date of production, publication, distribution, manufacture, or copyright notice 2002.
300 ## - PHYSICAL DESCRIPTION
Extent 310ص
650 17 - SUBJECT ADDED ENTRY--TOPICAL TERM
Topical term or geographic name as entry element الأطفال
650 17 - SUBJECT ADDED ENTRY--TOPICAL TERM
Topical term or geographic name as entry element لعب الأطفال
650 17 - SUBJECT ADDED ENTRY--TOPICAL TERM
Topical term or geographic name as entry element رعاية الطفولة
942 ## - ADDED ENTRY ELEMENTS (KOHA)
Source of classification or shelving scheme Dewey Decimal Classification
Koha item type Books
Holdings
حالة السحب حالة الفقدان مصدر التصنيف حالة التلف غير قابل للإعارة المكتبة الرئيسية المكتبة الحالية موقع الرف تاريخ التزويد الرقم المتسلسل Total Checkouts رقم الإستدعاء الباركود تاريخ آخر ظهور تاريخ الفاتورة نوع المادة (كوها)
    Dewey Decimal Classification     المكتبة المركزية المكتبة المركزية الإعارة 05/05/2016 1625270   649.55/عنا PLD00389347 28/07/2025 05/05/2016 Books
    Dewey Decimal Classification     مكتبة صويلح العامة مكتبة صويلح العامة الإعارة 11/05/2019 538915   649.55/عنا PLD00452733 28/07/2025 11/05/2019 Books
Implemented & Customized by: BBB with SCIT (Smart Chains for Information Technology)

Powered by Koha